[Event "Forchheim op-B 13th"]
[Site "Forchheim"]
[Date "2014.10.04"]
[Round "4"]
[White "Bauer Debor, Thomas"]
[Black "Tschammer, Kai"]
[Result "1-0"]
[WhiteElo "1738"]
[BlackElo "1668"]
[PlyCount "65"]
[EventDate "2014.10.03"]
[EventType "swiss"]
[EventRounds "5"]
[EventCountry "GER"]
[SourceTitle "EXT 2019"]
[Source "ChessBase"]
[SourceDate "2018.10.10"]
[SourceVersion "1"]
[SourceVersionDate "2018.10.10"]
[SourceQuality "1"]

1. e4 e5 2. Nc3 Nc6 3. Bc4 Nf6 4. d3 Be7 5. Nge2 d6 6. 0-0 0-0 7. a3 Be6 8. Ba2 d5 9. Ng3 Bc5 10. h3 Qd7 11. Na4 Be7 12. Bg5 h6 13. Bxf6 Bxf6 14. Nc5 Qc8 15. exd5 Be7 16. Nce4 Bxd5 17. Bxd5 Kh8 18. Qe1 f5 19. Nc3 f4 20. Nh1 Bd6 21. Ne4 Be7 22. f3 Qe8 23. Qc3 Bh4 24. Bxc6 bxc6 25. g4 fxg3 26. Kg2 Qe6 27. Rae1 Rf7 28. Nc5 Qd6 29. Re4 Be7 30. Nb3 Raf8 31. Nd2 Bg5 32. Nc4 Qc5 33. Nxe5 1-0